000 01079nam0a22003371 4500
001 2558536
005 20251118181702.4
021 _aRU
_b79-72056
035 _a(NLR Aleph) 006438232
090 _a5615996
_c5615996
100 _a20110316d1979 u y0rusy50 ca
101 1 _arus
_ager
_crus
102 _aRU
105 _ay z |||||
200 1 _aDie Dialektik des Abstrakten und Konkreten im "Kapital" von Karl Marx
_fE.W. Iljenkow
_gÜbers. aus dem. Russ. int Dt.: L. Gurwitsch
210 _aMoskau
_cProgress
_d1979
215 _a294 с.
_d22
320 _aУказ.: Personenverz., Sachreg.: с. 287-291
604 _150010$aDas Kapital
_1700#1$aMarx$bK.$gKarl
686 _aА333:513.72,0
_2rubbk
686 _aА193.6-45,0
_2rubbk
686 _aА513.72,0
_2rubbk
700 1 _aИльенков
_bЭ.В.
_gЭвальд Васильевич
702 1 _aGurwitsch
_bL.
_4730
801 0 _aRU
_bNLR
_gpsbo
801 1 _aRU
_bELAR
_2rusmarc
852 _aNLR
_jDesideratum
899 _aRuMoRGB
_jM 79-16/290
899 _aRuMoRGB
_j801-85/17357-0
942 _cBOOK
980 _aNB